<?xml version="1.0" encoding="UTF-8"?>
<marc:record xmlns:marc="http://www.loc.gov/MARC21/slim">
   <marc:leader>00000nam a2200000 a 4500</marc:leader>
   <marc:datafield ind1="1" ind2=" " tag="100">
      <marc:subfield code="a">Lind, Hera</marc:subfield>
      <marc:subfield code="4">aut</marc:subfield>
      <marc:subfield code="e">Verfasser/-in</marc:subfield>
   </marc:datafield>
   <marc:datafield ind1="0" ind2="0" tag="245">
      <marc:subfield code="a">Für immer deine Tochter</marc:subfield>
   </marc:datafield>
   <marc:datafield ind1="0" ind2="0" tag="245">
      <marc:subfield code="b">Roman nach einer wahren Geschichte</marc:subfield>
   </marc:datafield>
   <marc:datafield ind1="0" ind2="0" tag="245">
      <marc:subfield code="c">Hera Lind</marc:subfield>
   </marc:datafield>
   <marc:datafield ind1=" " ind2="1" tag="264">
      <marc:subfield code="a">München</marc:subfield>
      <marc:subfield code="b">Diana</marc:subfield>
      <marc:subfield code="c">2022</marc:subfield>
   </marc:datafield>
   <marc:datafield ind1=" " ind2=" " tag="250">
      <marc:subfield code="a">Originalausgabe</marc:subfield>
   </marc:datafield>
   <marc:datafield ind1="1" ind2=" " tag="520">
      <marc:subfield code="a">Angaben aus der Verlagsmeldung&lt;br/&gt;&lt;br/&gt;Für immer deine Tochter : Roman nach einer wahren Geschichte / von Hera Lind&lt;br/&gt;&lt;br/&gt;Für Paula, damit sie eines Tages die Wahrheit erfährt. Die sechzigjährige Paula findet das Tagebuch ihrer verstorbenen Mutter. Pommern, Weihnachten 1944: Als die Russen kommen, versteckt sich die hochschwangere Anna in einem Bunker und später mit dem kranken Baby Paula auf einem Dachboden. Grauenhafte Bilder tun sich vor Paula auf. 1945 beginnt die monatelange Flucht, bei der ein deutscher Offizier behilflich ist. Die Begegnung mit einer jungen Ärztin im Hafen von Stettin, die die Stadt nicht verlassen darf, lässt Paula beim Lesen das Blut in den Adern gefrieren. Nichts ist so, wie es 60 Jahre lang schien! Sie macht sich auf den Weg in die Vergangenheit.</marc:subfield>
   </marc:datafield>
   <marc:datafield ind1=" " ind2=" " tag="020">
      <marc:subfield code="a">9783453292307</marc:subfield>
      <marc:subfield code="9">9783453292307</marc:subfield>
   </marc:datafield>
   <marc:datafield ind1=" " ind2=" " tag="041">
      <marc:subfield code="a">ger</marc:subfield>
   </marc:datafield>
   <marc:datafield ind1=" " ind2=" " tag="300">
      <marc:subfield code="a">445 Seiten</marc:subfield>
   </marc:datafield>
</marc:record>
